000 00514nam a2200181Ia 4500
003 GCL
008 140319s9999 xx 000 0 ara d
040 _aGCL /
_cGCL
082 0 4 _a155.4
_bع ن
100 1 _aعبدالمنعم المليجى
245 1 0 _aالنمو النفسى /
_cعبدالمنعم المليجى
260 _a[S.N] :
_bمكتبة مصر ،
_c1987
300 _a224 ص
490 _a
650 0 4 _aعلم النفس
650 0 4 _aعلم النفس الارتقائى
942 _2ddc
_cBK
999 _c34652
_d34652